| 000 | 00728nam a22002297a 4500 | ||
|---|---|---|---|
| 005 | 20170124110221.0 | ||
| 010 | _aA-895098 | ||
| 020 | _c275.00 | ||
| 035 | _aA-895098 | ||
| 037 | _bCen Lib/Ret | ||
| 040 |
_aDPL _bEN |
||
| 082 |
_a338.74 _bKOR |
||
| 100 |
_aKortikar, R.N. _939966 |
||
| 245 |
_aCorporate sickness predicting at incipient stage / _cby R.N. Kortikar |
||
| 260 |
_aBombay _bHimalaya publishing house _c1997 |
||
| 270 |
_bBombay _e400004 _aDr, Bhale rao marg, Girgaon |
||
| 300 |
_a189p. _c22cm(Hb) |
||
| 500 | _aIncludes index | ||
| 650 |
_aBusiness forecasting _xMathematical models _939967 |
||
| 650 |
_aBusiness failures _xMathematical models _939968 |
||
| 942 |
_2ddc _cEN _h338.74 _mKOR |
||
| 999 |
_c134158 _d134158 |
||